000 00600nam a2200181Ia 4500
008 100917s9999 xx 000 0 und d
082 _b50976
100 _aमोघे मनोहर मो.
245 _aसंवादातून विज्ञान भा. 1
260 _bअनिरूध्द सा.
_c1982
300 _a79
365 _b9
520 _aसृ. प. वि.
630 _aसंवादातून विज्ञान भा. 1
650 _aसृ. प. वि.
730 _aसंवादातून विज्ञान भा. 1
942 _cBOOK
999 _c656370
_d656367